| 000 | 00463nam a22001697a 4500 | ||
|---|---|---|---|
| 003 | SGT | ||
| 020 | _a9789354669798 | ||
| 082 |
_a611 _bC25G |
||
| 100 | _aGARG, KRISHNA | ||
| 245 | _aCOMPETENCY BASED BD. CHAURASIA'S HUMAN ANATOMY : UPPER LIMB THORAX VOL-1 | ||
| 250 | _a10TH | ||
| 260 |
_aINDIA _bCBS PUB _c2025 |
||
| 300 | _a315 | ||
| 650 | _aHUMAN ANATOMY | ||
| 653 | _aCOMPETENCY BASED BD. CHAURASIA'S HUMAN ANATOMY : UPPER LIMB THORAX | ||
| 942 |
_2ddc _cBK |
||
| 999 |
_c30792 _d30792 |
||